Fiske guide to colleges 2020/ (Record no. 362873)
[ view plain ]
| 000 -LEADER | |
|---|---|
| fixed length control field | 00403nam a22001457a 4500 |
| 008 - FIXED-LENGTH DATA ELEMENTS--GENERAL INFORMATION | |
| fixed length control field | 191212b xxu||||| |||| 00| 0 eng d |
| 020 ## - INTERNATIONAL STANDARD BOOK NUMBER | |
| International Standard Book Number | 9781492664949 |
| 050 ## - LIBRARY OF CONGRESS CALL NUMBER | |
| Classification number | L 901 |
| Item number | .F541 2019 |
| 100 ## - MAIN ENTRY--PERSONAL NAME | |
| Personal name | Fiske, Edward B. |
| 245 ## - TITLE STATEMENT | |
| Title | Fiske guide to colleges 2020/ |
| Statement of responsibility, etc | Edward B. Fiske |
| 250 ## - EDITION STATEMENT | |
| Edition statement | 36th ed. |
| 260 ## - PUBLICATION, DISTRIBUTION, ETC. (IMPRINT) | |
| Place of publication, distribution, etc | Illinois: |
| Name of publisher, distributor, etc | Sourcebooks |
| Date of publication, distribution, etc | 2019. |
| 300 ## - PHYSICAL DESCRIPTION | |
| Extent | xl, 817 p. ; |
| Dimensions | 27 cm. |
| 942 ## - ADDED ENTRY ELEMENTS (KOHA) | |
| Source of classification or shelving scheme | Library of Congress Classification |
| Item type | Books |
| Withdrawn status | Lost status | Source of classification or shelving scheme | Damaged status | Home library | Current library | Shelving location | Date acquired | Source of acquisition | Total Checkouts | Full call number | Barcode | Date last seen | Price effective from | Koha item type |
|---|---|---|---|---|---|---|---|---|---|---|---|---|---|---|
| Library of Congress Classification | Luxembourg Library | Luxembourg Library | High School Section | 12/12/2019 | Library fund | L 901 .F541 2019 | 20905 | 12/12/2019 | 12/12/2019 | Books |